NFL Top 100 Tampa Bay Buccaneers of All Time - Statistics

General Stats
  • This quiz has been taken 196 times
  • The average score is 23 of 100
Answer Stats
Position Player % Correct
WR Mike Evans
85%
DT Warren Sapp
85%
CB Ronde Barber
77%
LB Derrick Brooks
76%
SS John Lynch
71%
QB Jameis Winston
70%
FB Mike Alstott
70%
QB Brad Johnson
69%
WR Keyshawn Johnson
67%
LB Cecil Johnson
66%
LB Lavonte David
63%
QB Doug Williams
60%
WR/ST Karl Williams
60%
DE Lee Roy Selmon
60%
WR Mike Williams
60%
RB Cadillac Williams
59%
LB Dewey Selmon
56%
WR Vincent Jackson
56%
FS Dexter Jackson
55%
FS Tanard Jackson
54%
RB Warrick Dunn
52%
DE Simeon Rice
41%
T Donovan Smith
39%
DB Dwight Smith
39%
RB Doug Martin
38%
QB Vinny Testaverde
37%
QB Josh Freeman
36%
LB Hardy Nickerson
34%
RB James Wilder
34%
DE Marcus Jones
34%
QB Trent Dilfer
34%
DT Gerald McCoy
31%
QB Steve Young
31%
FS Cedric Brown
27%
LB Jeff Davis
19%
DL Reuben Davis
19%
RB Michael Pittman
18%
G Ali Marpet
16%
CB Aqib Talib
16%
LB Hugh Green
16%
WR Jacquez Green
16%
WR Mark Carrier
16%
LB Shelton Quarles
16%
TE Jimmie Giles
14%
RB Ricky Bell
14%
QB Steve DeBerg
14%
LB Broderick Thomas
13%
C Jeff Christy
13%
T Paul Gruber
13%
WR Kevin House
11%
WR Bruce Hill
10%
C Tony Mayberry
10%
T Donald Penn
9%
WR Gerald Carter
9%
WR Joey Galloway
9%
T Kenyatta Walker
9%
T Rob Taylor
9%
CB Brian Kelly
8%
DT Chris Hovan
8%
C Steve Wilson
8%
DT Anthony McFarland
7%
T Demar Dotson
7%
CB Donnie Abraham
7%
CB Mike Washington
7%
LB Richard Wood
7%
CB Ricky Reynolds
6%
LB Barrett Ruud
5%
DT Brad Culpepper
5%
LB Dave Lewis
5%
G Davin Joseph
5%
DE Greg Spires
5%
LB Kwon Alexander
5%
NT David Logan
4%
LB Kevin Murphy
4%
DE Chidi Ahanotu
3%
SS Jermaine Phillips
3%
SS Mark Cotney
3%
DE William Gholston
3%
G Cosey Coleman
2%
T Jeremy Trueblood
2%
T Jerry Wunsch
2%
C John Wade
2%
WR Lawrence Dawsey
2%
CB Martin Mayhew
2%
LB Mason Foster
2%
C Randy Grimes
2%
LB Scot Brantley
2%
G/DE Charley Hannah
1%
WR Courtney Hawkins
1%
G Frank Middleton
1%
FS Harry Hamilton
1%
WR Michael Clayton
1%
LB Winston Moss
1%
LB Eugene Marve
0%
G George Yarno
0%
G Ian Beckles
0%
G Jeremy Zuttah
0%
DE John Cannon
0%
DE Regan Upshaw
0%
T Ron Heller
0%
No matching quizzes found
Score Distribution
Percent of People with Each Score
Percentile by Number Answered
Your Score History
You have not taken this quiz